000 00432cam a2200145ua 4500
003 OSt
008 221118b |||||||| |||| 00| 0 eng d
041 _aeng
082 _a666.9
_bIND/ME
245 _aMethod of making,caring and determining compressivee strength of accelerated cured concrete test specimens /
250 _a1 /
260 _aNew Delhi :
_bIndian standards institution ,
_c1989.
300 _a12 ; .
942 _cBK
999 _c10630
_d10630